El criterio

Na minha lista:
Detalhes bibliográficos
Autor principal: Balmes Urpiá, Jaime Luciano (Author)
Formato: Livro
Idioma:espanhol
Publicado em: Barcelona Imprenta Barcelonesa 1904
Edição:15a. ed
Assuntos:
Tags: Adicionar Tag
Sem tags, seja o primeiro a adicionar uma tag!

MARC

LEADER 00000cam a2200000 a 4500
001 UCD1298
003 CL-VaPUC
008 160121e19040000sp |||||||||||||||||spa|d
082 0 4 |a 121.6  |b BAL  |2 21 
100 0 |a Balmes Urpiá, Jaime Luciano  |e author  |9 584395 
245 1 3 |a El criterio 
250 |a 15a. ed 
300 |a 285 p 
942 |c BK 
945 |d 20160121 16:41:00  |a gsalatino 
260 |a Barcelona  |b Imprenta Barcelonesa  |c 1904 
650 7 |a TEORIA ASINTOTICA  |2 CL-VaPUC  |9 424868 
650 0 |a Teoría del conocimiento   |9 255038 
583 |a last modification  |c 20190725 04:16:49  |k Rodrigo Vera 
999 |c 362660  |d 362658 
952 |0 0  |1 0  |3 erd  |4 0  |6 121_600000000000000_BAL_1904  |7 0  |8 P  |9 474078  |a BIBTEO  |b BIBTES  |c TEO_FTES  |i 5276403  |o 121.6 BAL 1904  |p 5276403  |r 2024-01-18  |w 2019-11-24  |y BK  |z Catalogado en:20160121  |k ICR